|
|
|
|
| LEADER |
00000nas a2200000 i 4500 |
| 001 |
ssj0014126 |
| 003 |
WaSeSS |
| 005 |
20200512172242.0 |
| 006 |
m d |
| 007 |
cr n |
| 008 |
110221d19292004fi qr p s 0 a0eng c |
| 010 |
|
|
|a 2014268734
|
| 022 |
|
|
|l 0041-7130
|y 0041-7130
|
| 035 |
|
|
|a (WaSeSS)ssj0014126
|
| 040 |
|
|
|a OCLCE
|b eng
|c OCLCE
|d OCLCQ
|d OCLCF
|d OCLCO
|d SERSO
|d OCLCQ
|d OCLCO
|d OCLCQ
|d WaSeSS
|
| 042 |
|
|
|a dlr
|a pcc
|
| 043 |
|
|
|a e-fi---
|
| 050 |
|
4 |
|a HC337.F5
|b U5
|
| 070 |
1 |
|
|a 286.8
|b Un32
|
| 072 |
|
0 |
|a E100
|
| 130 |
0 |
|
|a Unitas (Helsinki, Finland : English edition)
|
| 245 |
1 |
0 |
|a Unitas
|h [electronic resource].
|
| 260 |
|
|
|a Finland :
|b Pohjoismaiden Yhdyspankki,
|c 1929-2004.
|
| 310 |
|
|
|a Quarterly
|
| 362 |
1 |
|
|a Print began with N:o 1 (Apr. 1929); ceased with 76.2 (2004).
|
| 500 |
|
|
|a On cover: Economic review Finland, <1975->
|
| 500 |
|
|
|a At head of title: Economic quarterly review, 1984-
|
| 506 |
|
|
|a License restrictions may limit access.
|
| 515 |
|
|
|a Vols. 1929-30 issued together; also 1931-32, 1933-34, 1935-36.
|
| 538 |
|
|
|a Master and use copy. Digital master created according to Benchmark for Faithful Digital Reproductions of Monographs and Serials, Version 1. Digital Library Federation, December 2002.
|u http://purl.oclc.org/DLF/benchrepro0212
|5 MiAaHDL
|
| 550 |
|
|
|a Vols. 1975, 3- issued by: Union Bank of Finland.
|
| 555 |
|
|
|a 1929-53. 1 v.
|
| 580 |
|
|
|a Also published in Finnish, German and Swedish editions.
|
| 580 |
|
|
|a Absorbed, in 1994: Kansallis-Osake-Pankki. Economic review.
|
| 583 |
1 |
|
|a digitized
|c 2011
|h HathiTrust Digital Library
|l committed to preserve
|2 pda
|5 MiAaHDL
|
| 588 |
|
|
|a Description based on print version record.
|
| 588 |
|
|
|a Latest issue consulted: 76.2 (2004) (ProQuest, viewed Nov. 26, 2014).
|
| 648 |
|
7 |
|a Since 1918
|2 fast
|
| 650 |
|
7 |
|a Economic history.
|2 fast
|0 (OCoLC)fst00901974
|
| 650 |
|
7 |
|a Wirtschaftslage.
|2 stw
|
| 650 |
|
7 |
|a Wirtschaftszeitschrift.
|2 stw
|
| 650 |
|
7 |
|a Finnland.
|2 stw
|
| 651 |
|
0 |
|a Finland
|x Economic conditions
|y 1918-
|v Periodicals.
|
| 651 |
|
7 |
|a Finland.
|2 fast
|0 (OCoLC)fst01205503
|
| 655 |
|
0 |
|a Electronic journals.
|
| 710 |
2 |
|
|a Pohjoismaiden Yhdyspankki.
|
| 710 |
2 |
|
|a Union Bank of Finland.
|
| 776 |
0 |
8 |
|i Print version:
|t Unitas (Helsinki, Finland : English edition)
|w (DLC)sf 81006092
|w (OCoLC)1644946
|
| 780 |
1 |
5 |
|a Kansallis-Osake-Pankki.
|t Economic review
|
| 856 |
4 |
0 |
|z Full text available from Research Library: 07/01/1987 to 04/30/2004
|u https://search.proquest.com/publication/41615
|